37 Shades of Blue - Statistics

General Stats
  • This quiz has been taken 18 times
    11 since last reset
  • The average score is 6 of 37
Answer Stats
Answer % Correct
Navy Blue
90%
Dark Blue
80%
Light Blue
80%
Baby Blue
60%
Sapphire
60%
Teal Blue
50%
Midnight Blue
40%
Bleu de France
20%
Medium Blue
20%
Neon Blue
20%
Powder Blue
20%
Ultramarine
20%
Argentinian Blue
10%
Duck Blue
10%
Fluorescent Blue
10%
Periwinkle
10%
Bluebonnet
0%
Celtic Blue
0%
Cool Black
0%
Delft Blue
0%
Egyptian Blue
0%
Independence
0%
International Klein Blue
0%
Liberty
0%
Moroccan Blue
0%
Picotee Blue
0%
Polynesian Blue
0%
Process Blue
0%
Resolution Blue
0%
Robin Egg Blue
0%
Ruddy Blue
0%
Savoy Blue/Savoy Azure
0%
Smalt
0%
Space Cadet
0%
Spanish Blue
0%
Twin Blue
0%
Uranian Blue
0%
No matching quizzes found
Score Distribution
Percent of People with Each Score
Percentile by Number Answered
Your Score History
You have not taken this quiz since the last reset